Orationes

Guardado en:
Detalles Bibliográficos
Autor principal: Ciceronis, M. Tulli (autor)
Otros Autores: Curtis Clark, Albertus (recognovit brevique adnotatione critica instuxit), Peterson, Gulielmus (recognovit brevique adnotatione critica instuxit)
Formato: Libro
Lenguaje:inglés
Publicado: Oxonii, Great Britain: E Typographeo Clarendoniano, 1905-1911.
Edición:First edition.
Colección:Scriptorum Classicorum Bibliotheca Oxoniensis.
Materias:
Etiquetas: Agregar Etiqueta
Sin Etiquetas, Sea el primero en etiquetar este registro!

MARC

LEADER 00000nam a22000007a 4500
003 CL-VaPUC
005 20220822114456.0
008 220314t19051911 ||||| |||| 00| 0 eng d
999 |c 435855  |d 435853 
040 |c Pontificia Universidad Católica de Valparaíso 
082 |a 875 CIC 1905 (v.I) 
082 |a 875 CIC 1909 (v.IV) 
082 |a 875 CIC 1911 (v.V) 
100 |a Ciceronis, M. Tulli  |e autor  |9 401237 
245 |a Orationes 
250 |a First edition. 
260 |a Oxonii, Great Britain:   |b E Typographeo Clarendoniano,   |c 1905-1911. 
300 |a 5 volúmenes  
490 |a Scriptorum Classicorum Bibliotheca Oxoniensis. 
500 |a v.I- v.IV-.v.V. v.VI c.1 Donación Familia Prof. Alejandro Guzmán Brito. 
505 |a v.I. Pro sex. Roscio. De imperio Cn. Pompel. Pro Clventio. In Catilinam. Pro Mvrena. Pro Caelio. v.IV. Pro P. Qvinctio. Pro Q. Roscio comoedo. Pro A. Caecina. De lege agraria contra Rvllvm. Pro C. Rabirio perdvellionis reo. Pro L. Flacco. In L. Pisonem. Pro C. Rabirio Postvmo -- v.V. Cvm Senatvi gratias egit. Oratio cvm popvlo gratias egit. De domo sva. De harvspicvm responso. Pro Sestio. In Vatinivm. De provinciis consvlaribus. Pro Balbo -- v:VI. Pro Tvllio. Pro Fonteio. Pro Svlla. Pro Archia. Pro Plancio. Pro Scavro. 
583 |c 20220314  |k Cristina María Rojas Aguilar 
600 0 |9 255203  |a Cicerón, Marco Tulio  |x Discursos 
650 |a Retórica latina  |9 869576 
650 |a Oratoria latina   |9 266621 
700 |a Curtis Clark, Albertus  |e recognovit brevique adnotatione critica instuxit   |9 870373 
700 |a Peterson, Gulielmus  |e recognovit brevique adnotatione critica instuxit   |9 870374 
942 |2 ddc  |c BK  |n 0 
952 |0 0  |1 0  |2 ddc  |4 0  |6 875_000000000000000_CIC_1905  |7 0  |8 C_AGB  |9 583528  |a BIBDER  |b BIBDER  |d 2022-06-08  |e Donación   |h v.I  |i 5651646  |o 875 CIC 1905   |p 5651646  |r 2023-01-25  |t 1  |w 2022-06-08  |y BK_US  |k AGB 
952 |0 0  |1 0  |2 ddc  |4 0  |6 875_000000000000000_CIC_1909  |7 0  |8 C_AGB  |9 583529  |a BIBDER  |b BIBDER  |d 2022-06-08  |e Donación   |h v.IV  |i 5651647  |o 875 CIC 1909  |p 5651647  |r 2023-01-25  |t 1  |w 2022-06-08  |y BK_US  |k AGB 
952 |0 0  |1 0  |2 ddc  |4 0  |6 875_000000000000000_CIC_1911  |7 0  |8 C_AGB  |9 583530  |a BIBDER  |b BIBDER  |d 2022-06-08  |e Donación   |h v.V  |i 5651648  |o 875 CIC 1911  |p 5651648  |r 2023-01-25  |t 1  |w 2022-06-08  |y BK_US  |k AGB 
952 |0 0  |1 0  |2 ddc  |4 0  |6 875_000000000000000_CIC_1911  |7 0  |8 C_AGB  |9 585604  |a BIBDER  |b BIBDER  |d 2022-08-01  |e Donación   |h v.VI  |i 5653637  |o 875 CIC 1911  |p 5653637  |r 2023-01-25  |t 1  |w 2022-08-01  |y BK_US  |k AGB